Datum a čas kvízu
34
Celkem bodů
Celkový počet nahraných bodů na tomto kvízu bez doplňovacích otázek.
4.
Pořadí na kvízu
Konečné umístění týmu na tomto kvízu.
Zaznamenané odpovědi
| # | Otázka | Odpověď | Body | Výsledky |
|---|---|---|---|---|
| 1. | Který český politik zveřejnil... | Vít Rakušan | 0 | |
| 2. | Správci pozůstalosti nedávno z... | Sinéad O'Connor | 1 | |
| 3. | V sobotu se v pražském Rudolfi... | Přišla v noci, Bratři | 0.5 | |
| 4. | Ve středu vstoupila na český t... | Partners | 1 | |
| 5. | Velmi kuriózní situace nastala... | Buffalo (Sabres), Edmonton (Oilers) | 0 | |
| 6. | Začneme prvním českým králem p... | Rudolf (I. Habsburský) | 0 | |
| 7. | Další „slavnou“ prohrou, která... | stoletá válka | 1 | |
| 8. | V bitvě u Lipan, kterou řadí m... | Jan Roháč (z Dubé) | 0 | |
| 9. | Bitva na Bílé hoře zpečetila o... | listopad 1620 | 0.5 | |
| 10. | Napište jména dvou mužů, kteří... | Neville Chamberlain, Édouard Daladier | 0.5 |